000 00520nam a2200181 a 4500
001 7028
003 CO-ViMGA
008 141112s2004 ck r 000 u spa d
040 _aCO-ViMGA
_bspa
_cCO-ViMGA
082 0 4 _a671.522 L378
100 1 _aLesur Esequivel, Luis
_96085
245 1 0 _aManual de soldadura con oxiacetileno :
_buna guía paso a paso
260 _aMexico :
_bTrillas,
_c1993
300 _a144 p : il
490 _aCómo hacer bien y fácilmente
650 1 4 _aSOLDADURA AUTOGENA
_96086
942 _2ddc
_cBK
999 _c18993
_d18993